<?xml version="1.0" encoding="UTF-8"?>
<record
    xmlns:xsi="http://www.w3.org/2001/XMLSchema-instance"
    xsi:schemaLocation="http://www.loc.gov/MARC21/slim http://www.loc.gov/standards/marcxml/schema/MARC21slim.xsd"
    xmlns="http://www.loc.gov/MARC21/slim">

  <leader>01055nam a2200145   4500</leader>
  <controlfield tag="008">708 N964n </controlfield>
  <datafield tag="020" ind1=" " ind2=" ">
    <subfield code="a">9789930964620</subfield>
  </datafield>
  <datafield tag="082" ind1=" " ind2=" ">
    <subfield code="a">708</subfield>
    <subfield code="b">N964n</subfield>
  </datafield>
  <datafield tag="100" ind1=" " ind2=" ">
    <subfield code="a">Soto Mor&#xFA;a, Daniel (edici&#xF3;n)</subfield>
    <subfield code="9">7002</subfield>
  </datafield>
  <datafield tag="245" ind1=" " ind2=" ">
    <subfield code="a">9/11 11/9</subfield>
  </datafield>
  <datafield tag="260" ind1=" " ind2=" ">
    <subfield code="a">San Jos&#xE9;, Costa Rica </subfield>
    <subfield code="b">Museo de Arte y Dise&#xF1;o Contempor&#xE1;neo </subfield>
    <subfield code="c">2018</subfield>
  </datafield>
  <datafield tag="300" ind1=" " ind2=" ">
    <subfield code="a">54 p.</subfield>
    <subfield code="b">il.</subfield>
    <subfield code="c">24x21 cm</subfield>
  </datafield>
  <datafield tag="505" ind1=" " ind2=" ">
    <subfield code="t">911 La -no- generaci&#xF3;n 119 </subfield>
    <subfield code="t">Many young voices </subfield>
    <subfield code="t">Grandes tragedias, grandes oportunidades </subfield>
    <subfield code="t">Hitos de una generaci&#xF3;n divergente </subfield>
    <subfield code="t">A mano armada </subfield>
    <subfield code="t">Albertine Stahl</subfield>
    <subfield code="t">Christian Salablanca D&#xED;az </subfield>
    <subfield code="t">Anna Matteucci Wo Ching </subfield>
    <subfield code="t">Roger Mu&#xF1;oz Rivas </subfield>
    <subfield code="t">Mariela Richmond </subfield>
    <subfield code="t">Materialidad y representaci&#xF3;n </subfield>
    <subfield code="t">Adolfo Ram&#xED;rez Salas </subfield>
    <subfield code="t">Emmanuel Z&#xFA;&#xF1;iga Salas </subfield>
    <subfield code="t">Alejandra Ram&#xED;rez </subfield>
    <subfield code="t">Para&#xED;so Tropical </subfield>
    <subfield code="t">Wilson Ilama </subfield>
    <subfield code="t">Sara Mata </subfield>
    <subfield code="t">Diana Barquero P&#xE9;rez </subfield>
    <subfield code="t">Sergio Rojas Chaves </subfield>
    <subfield code="t">Una Costa Rica linda </subfield>
    <subfield code="t">Andy Retana </subfield>
    <subfield code="t">Marton Robinson </subfield>
    <subfield code="t">Andr&#xE9;s Gudi&#xF1;o </subfield>
    <subfield code="t">Pamela Hern&#xE1;ndez </subfield>
    <subfield code="t">MADConversa </subfield>
  </datafield>
  <datafield tag="650" ind1=" " ind2=" ">
    <subfield code="x">arte contempor&#xE1;neo </subfield>
    <subfield code="x">arte - exhibiciones </subfield>
    <subfield code="x">arte - sociedad </subfield>
    <subfield code="x">arte - instalaci&#xF3;n</subfield>
    <subfield code="x">arte - fotograf&#xED;a </subfield>
    <subfield code="x">arte - pintura </subfield>
    <subfield code="9">7003</subfield>
  </datafield>
  <datafield tag="999" ind1=" " ind2=" ">
    <subfield code="c">1768</subfield>
    <subfield code="d">1768</subfield>
  </datafield>
  <datafield tag="952" ind1=" " ind2=" ">
    <subfield code="0">0</subfield>
    <subfield code="1">0</subfield>
    <subfield code="2">ddc</subfield>
    <subfield code="4">0</subfield>
    <subfield code="7">0</subfield>
    <subfield code="a">LV</subfield>
    <subfield code="b">LV</subfield>
    <subfield code="c">Colectivas</subfield>
    <subfield code="d">2019-04-10</subfield>
    <subfield code="l">0</subfield>
    <subfield code="o">708 N964n</subfield>
    <subfield code="p">004774</subfield>
    <subfield code="r">2019-04-10 00:00:00</subfield>
    <subfield code="w">2019-04-10</subfield>
    <subfield code="y">01</subfield>
  </datafield>
</record>
